Konstytucja RP 1-10 - Statystyki

Ogólne statystyki
  • Ten quiz został rozwiązany 39 razy
  • Średni wynik to 2 z 10
Statystyki odpowiedzi
Hint Odpowiedź % Poprawnych
1 Rzeczpospolita Polska jest dobrem wspólnym wszystkich obywateli
100%
2 Rzeczpospolita Polska jest demokratycznym państwem prawnym, urzeczywistniającym zasady sprawiedliwości społecznej
36%
3 Rzeczpospolita Polska jest państwem jednolitym
27%
7 Organy władzy publicznej działają na podstawie i w granicach prawa
18%
4 Władza zwierzchnia w Rzeczypospolitej Polskiej należy do NaroduNaród sprawuje władzę przez swoich przedstawicieli lub bezpośrednio
9%
8 Konstytucja jest najważniejszym prawem Rzeczpospolitej Polskiej Przepisy Konstytucji stosuje się bezpośrednio, chyba że Konstytucja stanowi inaczej
0%
9 Rzeczpospolita Polska przestrzega wiążącego ją prawa międzynarodowego
0%
5 Rzeczpospolita Polska strzeże niepodległość i nienaruszalności swojego terytorium
0%
6 Rzeczpospolita Polska stwarza warunki upowszechniania i równego dostępu do dóbr kulturyRzeczpospolita Polska udziela pomocy Polakom zamieszkałym za granicą w zachowaniu ich związków z narodowym dziedzictwem kulturalnym
0%
10 Ustrój Rzeczypospolitej Polskiej opiera się na podziale i równowadze władzyWładzę ustawodawczą sprawują Sejm i Senat, władzę wykonawczą Prezydent RP i Rada Ministrów, a władzę sądowniczą sądy i trybunały
0%
Nie znaleziono quizów pasujących do podanych kryteriów
Rozkład punktacji
Procent ludzi z każdym wynikiem
Percentyl według liczby udzielonych odpowiedzi
Twoja historia wyników
Nie rozwiązałeś tego quizu